Sports Quiz

Random Sports or Baseball Quiz

MLB 2021 Opening Day Starting Lineups Quiz Stats

 Plays Quiz not verified by Sporcle

Support Sporcle.
Go Orange.
Score 0/284 Timer 20:00
2 Plays Today
Hint Answer % Correct
YankeesGary Sanchez
86.2%
YankeesGerrit Cole
85.9%
YankeesAaron Judge
85.5%
YankeesGiancarlo Stanton
83.9%
YankeesGleyber Torres
81.4%
White SoxTim Anderson
80.7%
MarlinsBrian Anderson
80.5%
AngelsMike Trout
79.6%
White SoxJose Abreu
79.3%
Blue JaysVladimir Guerrero Jr
79.1%
Red SoxEnrique Hernandez
79%
Blue JaysTeoscar Hernandez
79%
IndiansCesar Hernandez
79%
Blue JaysBo Bichette
79%
Red SoxJD Martinez
78.5%
Red SoxXander Bogaerts
77.8%
AstrosJose Altuve
77.6%
YankeesDJ Lemahieu
77.4%
YankeesAaron Hicks
77.4%
Blue JaysHyun-Jin Ryu
76.9%
Red SoxRafael Devers
76.6%
BravesRonald Acuna Jr
76.3%
RoyalsSalvador Perez
76.3%
IndiansRoberto Perez
76.3%
BravesFreddie Freeman
76.2%
MetsFrancisco Lindor
76.1%
Blue JaysLourdes Gurriel Jr
75.9%
White SoxLucas Giolito
75.8%
IndiansShane Bieber
75.8%
DodgersCorey Seager
75.6%
MarinersKyle Seager
75.6%
NationalsTrea Turner
75.5%
YankeesGio Urshela
75.4%
AstrosCarlos Correa
75.4%
MetsJacob deGrom
75.4%
RaysTyler Glasnow
75.3%
PhilliesBryce Harper
75.2%
OriolesRio Ruiz
75.1%
White SoxYasmani Grandal
75.1%
OriolesJohn Means
75%
AstrosAlex Bregman
75%
AstrosYuli Gurriel
74.8%
Blue JaysCavan Biggio
74.5%
YankeesClint Frazier
74.4%
PiratesAdam Frazier
74.4%
MetsJD Davis
74.2%
CubsAnthony Rizzo
73.7%
IndiansJose Ramirez
73.7%
CubsKris Bryant
73.5%
DodgersClayton Kershaw
73.3%
PadresFernando Tatis Jr
73.1%
BravesOzzie Albies
73.1%
AthleticsMatt Chapman
73%
PhilliesAaron Nola
73%
YankeesJay Bruce
73%
DodgersJustin Turner
73%
AngelsAnthony Rendon
72.4%
MetsPete Alonso
72.4%
Blue JaysMarcus Semien
72%
CubsJavier Baez
71.9%
NationalsMax Scherzer
71.6%
PhilliesJT Realmuto
71.5%
DodgersCody Bellinger
71.5%
White SoxLuis Robert
71.1%
BrewersChristian Yelich
70.9%
DodgersMookie Betts
70.6%
CardinalsNolan Arenado
70.6%
Red SoxAlex Verdugo
70.5%
RaysBrandon Lowe
70.3%
AthleticsMatt Olson
70.1%
NationalsJuan Soto
69.8%
AstrosZack Greinke
69.7%
White SoxYoan Moncada
69.7%
Blue JaysRandal Grichuk
69.6%
BravesDansby Swanson
69.2%
PadresManny Machado
69.2%
MetsBrandon Nimmo
68.9%
DodgersAustin Barnes
68.8%
TwinsJosh Donaldson
68.7%
Red SoxChristian Vazquez
68.6%
AngelsAlbert Pujols
68.5%
NationalsRyan Zimmerman
68.2%
RedsJoey Votto
67.8%
OriolesRyan Mountcastle
67.7%
PadresYu Darvish
67.7%
NationalsHernan Perez
67.1%
PhilliesRhys Hoskins
67%
RockiesTrevor Story
66.8%
DodgersMax Muncy
66.7%
RaysWilly Adames
66.7%
CardinalsPaul Goldschmidt
66.6%
BravesMarcell Ozuna
66.5%
BravesMax Fried
66.5%
MarlinsStarling Marte
66.4%
RaysMike Zunino
66.3%
Hint Answer % Correct
RoyalsCarlos Santana
66.2%
TwinsByron Buxton
66.1%
RangersJoey Gallo
66%
CardinalsYadier Molina
65.9%
CubsWilson Contreras
65.6%
AstrosMichael Brantley
65.5%
TwinsAndrelton Simmons
65.3%
MetsMichael Conforto
65.3%
CubsKyle Hendricks
65.3%
PadresEric Hosmer
65.3%
MetsJames McCann
65.2%
RaysKevin Kiermaier
64.9%
PiratesGregory Polanco
64.8%
GiantsBrandon Crawford
64.6%
Red SoxNathan Eovaldi
64.5%
TwinsKenta Maeda
64.5%
TwinsMiguel Sano
64.4%
IndiansEddie Rosario
64.4%
RaysAustin Meadows
64.1%
MetsJeff McNeil
64.1%
RedsLuis Castillo
64%
RangersEli White
63.5%
MarinersJP Crawford
63.4%
AstrosYordan Alvarez
63.4%
TwinsJorge Polanco
63.1%
OriolesTrey Mancini
63.1%
OriolesPedro Severino
63%
TwinsMitch Garver
62.9%
GiantsBuster Posey
62.6%
RangersNate Lowe
62.6%
White SoxAdam Eaton
62.6%
AngelsShohei Ohtani
62.4%
Blue JaysDanny Jansen
62.3%
TwinsMax Kepler
62%
CubsJason Heyward
62%
TigersMatthew Boyd
61.6%
BrewersKolten Wong
61.5%
OriolesAnthony Santander
61.4%
AngelsJustin Upton
61.4%
BravesTravis d'Arnaud
61.3%
CardinalsJack Flaherty
60.9%
AstrosKyle Tucker
60.7%
White SoxLeury Garcia
60.6%
RoyalsMichael A. Taylor
60.6%
PhilliesDidi Gregorius
60.6%
TigersWilli Castro
60.5%
Blue JaysRowdy Tellez
60.3%
DodgersGavin Lux
60.2%
AstrosMartin Maldonado
60.1%
RockiesCharlie Blackmon
60.1%
DiamondbacksKetel Marte
60%
RaysYoshi Tsutsugo
59.7%
AngelsDavid Fletcher
59.4%
DiamondbacksAsdrubal Cabrera
59.3%
RoyalsJorge Soler
59.3%
BrewersLorenzo Cain
59.3%
DiamondbacksPavin Smith
59.1%
BravesAustin Riley
59%
DiamondbacksEduardo Escobar
59%
AthleticsElvis Andrus
59%
RedsMike Moustakas
58.9%
BrewersBrandon Woodruff
58.8%
MetsKevin Pillar
58.6%
PhilliesAndrew McCutchen
57.8%
RoyalsAndrew Benintendi
57.7%
RaysRandy Arozarena
57.7%
IndiansFranmil Reyes
57.5%
AthleticsRamon Laureano
57.4%
RedsNick Castellanos
57.2%
AthleticsSean Murphy
57.1%
OriolesFreddy Galvis
57.1%
RoyalsWhit Merrifield
56.8%
Red SoxHunter Renfroe
56.6%
RockiesCJ Cron
56.4%
PhilliesJean Segura
56.4%
CardinalsPaul DeJong
56.3%
TigersVictor Reyes
56.1%
CubsIan Happ
55.9%
AngelsJose Iglesias
55.8%
TigersNomar Mazara
55.7%
PadresWil Myers
55.7%
TigersMiguel Cabrera
55.7%
AngelsDylan Bundy
55.6%
White SoxNick Madrigal
55.4%
RaysYandy Diaz
55.2%
RockiesElias Diaz
55.1%
DodgersChris Taylor
55%
CubsJoc Pederson
55%
BrewersAvisail Garcia
54.7%
PiratesColin Moran
54.6%
Red SoxBobby Dalbec
54.5%
IndiansAndres Gimenez
54.4%
DiamondbacksMadison Bumgarner
54.2%
PhilliesAlec Bohm
54.1%
GiantsBrandon Belt
54.1%
Hint Answer % Correct
NationalsVictor Robles
53.8%
RoyalsNicky Lopez
53.3%
MarlinsSandy Alcantara
53%
OriolesMaikel Franco
52.8%
TigersJaCoby Jones
52.7%
RedsTucker Barnhart
52.6%
TigersWilson Ramos
52.4%
MarinersTaylor Trammell
52.4%
TigersJonathan Schoop
52.3%
PiratesKe'Bryan Hayes
52.1%
RockiesGerman Marquez
52%
MarlinsJesus Aguilar
52%
PadresVictor Caratini
51.8%
AngelsDexter Fowler
51.8%
GiantsEvan Longoria
51.6%
RoyalsHunter Dozier
51.4%
RoyalsBrad Keller
51.3%
BravesCristian Pache
51.2%
MarinersMarco Gonzales
50.7%
OriolesCedric Mullins
50.7%
PadresTommy Pham
50.5%
PadresJake Cronenworth
50.5%
BrewersKeston Hiura
49.6%
MarlinsCorey Dickerson
49.6%
MarlinsMiguel Rojas
49.1%
NationalsStarlin Castro
49%
TigersJeimer Candelario
49%
OriolesAustin Hays
48.5%
NationalsAndrew Stevenson
48.5%
RoyalsKyle Isbel
48.3%
Red SoxMarwin Gonzalez
47.7%
GiantsMike Yastrzemski
47.2%
CardinalsDylan Carlson
47.2%
DiamondbacksJosh Rojas
47.1%
PadresJurickson Profar
46.4%
MarlinsJorge Alfaro
46.3%
MarinersEvan White
46.3%
AthleticsMark Canha
46.2%
NationalsJonathan Lucroy
46%
DiamondbacksChristian Walker
46%
MarinersTom Murphy
45.7%
MarinersMitch Haniger
45.5%
RedsJesse Winker
45.3%
MarlinsJazz Chisholm Jr.
45.1%
BrewersLuis Urias
44%
White SoxZack Collins
43.7%
RedsJonathan India
43%
AstrosMyles Straw
42.9%
RangersDavid Dahl
42.9%
RockiesRaimel Tapia
42.6%
RedsNick Senzel
42.6%
GiantsKevin Gausman
42.3%
CubsDavid Bote
42.3%
IndiansJosh Naylor
42.3%
CardinalsTommy Edman
42.2%
AngelsMax Stassi
42.2%
AthleticsMitch Moreland
42%
AthleticsJed Lowrie
42%
DiamondbacksDavid Peralta
41.9%
IndiansJordan Luplow
41.9%
RangersBrock Holt
41.8%
AthleticsChad Pinder
41.7%
AthleticsChris Bassitt
41.7%
RedsEugenio Suarez
41.2%
BrewersTravis Shaw
41.2%
BrewersOmar Narvaez
41%
GiantsAustin Slater
40.8%
PiratesBryan Reynolds
40.2%
TigersRobbie Grossman
39.8%
RangersKyle Gibson
39.3%
RangersIsiah Kiner-Falefa
38.8%
PhilliesAdam Haseley
38.7%
GiantsDonovan Solano
37.9%
MarlinsAdam Duvall
37.7%
PiratesJacob Stallings
37.7%
CardinalsTyler O'Neill
37.4%
IndiansYu Chang
36.7%
DiamondbacksStephen Vogt
35.8%
CardinalsJustin Williams
34.9%
TwinsLuis Arraez
33.6%
PiratesKevin Newman
33%
RangersNick Solak
32.8%
RockiesJosh Fuentes
32.4%
PiratesChad Kuhl
31.5%
MarinersDylan Moore
31.5%
RockiesGarrett Hampson
31.2%
GiantsMauricio Dubon
27.5%
RockiesChris Owings
25.8%
MarinersTy France
24.8%
RangersJose Trevino
24.5%
RangersLeody Taveras
22.6%
MarinersJake Fraley
18.9%
GiantsWilmer Flores
18.7%
PiratesAnthony Alford
17.6%

You're not logged in!

Compare scores with friends on all Sporcle quizzes.
OR
Log In

From the Vault

100+ Receptions (Green Bay Packers)

by ASMR

These players sure know how to pack in the receptions.
Remove Ads.
Support Sporcle.
Get the best of Sporcle when you Go Orange. This ad-free experience offers more features, more stats, and more fun while also helping to support Sporcle. Thank you for becoming a member.

Show Comments

Extras

Top Quizzes Today


Score Distribution

Your Account Isn't Verified!

In order to create a playlist on Sporcle, you need to verify the email address you used during registration. Go to your Sporcle Settings to finish the process.

Report this User

Report this user for behavior that violates our Community Guidelines.

Details: